Estadísticas para Copa Mundial de la FIFA 1986

Haz click aquí para intentar la prueba.

Estadísticas generales

  • Esta prueba ha sido intentada 62 veces
  • La puntuación promedio es 20 de 24

Estadísticas de respuestas

GRUPO% Correcto
Brasil
100%
Italia
100%
México
98%
Alemania Federal
96%
España
96%
Francia
96%
Argentina
94%
Inglaterra
94%
Uruguay
94%
Portugal
90%
Bélgica
88%
Corea del Sur
86%
Paraguay
82%
Canadá
78%
Marruecos
75%
Polonia
75%
Unión Soviética
71%
Irlanda del Norte
69%
Escocia
67%
Hungría
67%
Argelia
65%
Dinamarca
65%
Bulgaria
61%
Irak
61%

Distribución de puntuación

Porcentaje por número respondido

Porcentaje de gente con cada puntuación

Historial de tus puntuaciones

No has intentado esta prueba.